Capitals of Oceania by First and Last letter - Statistics

General Stats
  • This quiz has been taken 17 times
  • The average score is 11 of 15
Answer Stats
First letter Answer Last letter % Correct
C Canberra A
100%
W Wellington N
100%
A Apia A
93%
P Port Moresby Y
93%
F Funafuti I
86%
S Suva A
86%
Y Yaren N
86%
H Honiara A
79%
N Nuku'alofa A
79%
P Palikir R
79%
P Port Vila A
79%
N Ngerulmud D
71%
M Majuro O
57%
S South Tarawa A
50%
B Bairiki I
7%
No matching quizzes found
Score Distribution
Percent of People with Each Score
Percentile by Number Answered
Your Score History
You have not taken this quiz